00766nam a2200193 a 450000100100000000500170001000800410002704000250006808200150009324501120010826000610022030000280028170000250030970000300033471000690036404900090043395201130044299900170055500002659620200930030314.0110323s1995 dr a 000 0 spa d aDO-SdBNPbspacBNPHU axxxxbB17100aBalance :bgobernar es construir 1986-1995 /ctextos y pie de fotos R. A. Font Bernard y Juan Pablo Cuevas. aSanto Domingo :bOficina Nacional de Presupuesto,c1995. a170 p. :bil. ;c23 cm.1 aBernard, Font9537021 aCuevas, Juan Pablo9249201 aRepública Dominicana .bOficina Nacional de Presupuesto910981 aBNPD 0010718PDaPDbPDcCTd2011-03-23iLF1l0oxxxx B171p26596-10r2020-06-25w2020-06-25yLFPDZNo se presta c26088d26088